Регионална библиотека "Любен Каравелов" - Русе

Малкият моряк (Запис номер 146393)

MARC детайли
000 -Лидер
Контролно поле с фиксирана дължина 01560nam a2200361 c 4500
003 - Код на организацията, давaща контролен номер
Контролно поле BLK
005 - Дата и час на последна редакция
Контролно поле 20180422112708.0
008 - Елементи от данни с фиксирана дължина
fixed length control field 180410b bul|||||r ||||||| ||bul||
010 ## - Наследен системен номер
LC control number KNG00152580000
040 ## - Източник на каталожния запис
Идентификатор на билиотеката - собственик на записа BLK
041 ## - Код за език
Код за езика на текст/звукозапис или на отделно заглавие Български
Код за езика КДБФ Български
080 ## - УДК
Текстов определител УДК Френска литература
УДК код - определител по УДК 821.133.1
УДК определител -93-31
УДК - код + определител 821.133.1-93-31
100 1# - Редна дума - Автор
Автор Мало, Хектор
Авторска отговорност първи автор
R(LIN) 259281
139 ## - Редно поле
Редна дума Мало, Хектор
Авторски знак Малк - М 23
245 10 - Сведения за заглавието
Заглавие Малкият моряк
Подзаглавни данни Роман за деца
Редно поле (дума) Хектор Мало; прев. от фр. Пенка Петрова; прев. от фр. Драгомир Петров; худож. Борислав Стоев.
250 ## - Област на изданието
Сведения за изданието 2. изд.
257 ## - Страна на издаване
Страна на създаване/издаване Франция
260 ## - Област на издателските данни
-- Варна
Име на издателя, разпространителя и проч. Георги Бакалов
Година на издаване 1980
Печатница София : Балкан
300 ## - Физическа характеристика
Страници 167 с.
Илюстрации и др. с ил.
Размери/Мащаб 26 см
380 ## - Жанр
Жанр Детска худож. лит.
500 ## - Общи забележки
Забележка Ориг. загл. Les aventures de Romain Kalbris. - 1. изд. 1969. - 85 000 тир.
653 ## - Ключова дума – ненормативна
Ключова дума детска литература
653 ## - Ключова дума – ненормативна
Ключова дума литература за деца
653 ## - Ключова дума – ненормативна
Ключова дума романи
700 1# - Други автори (авторска отговорност)
Лично име Петрова, Пенка
Автороска отговорност (Описва отношението между автора и произведението) прев. от фр.
9 (RLIN) 265448
700 1# - Други автори (авторска отговорност)
Лично име Петров, Драгомир
Автороска отговорност (Описва отношението между автора и произведението) прев. от фр.
9 (RLIN) 365618
700 1# - Други автори (авторска отговорност)
Лично име Стоев, Борислав
Автороска отговорност (Описва отношението между автора и произведението) худож.
9 (RLIN) 372214
852 ## - Местоположение
Форматна сигнатура Цб ІІ 19064
856 4# - Електронен адрес и достъп
Електронен формат pdf - файл
Път до файла /url/
856 4# - Електронен адрес и достъп
Електронен формат pdf - файл
Път до файла /url/
942 ## - АРТИКУЛИ
Вид на библиотечния материал Книги
Скрит в OPAC Не
944 ## - СЪЗДАВАНЕ И РЕДАКЦИЯ на ЗАПИСА
Създаване/Редакция Създаване
Дата на регистрацията/редакция 26.10.2013
Статус, дата на статуса 26.10.2013 - от С1,Р / 26.10.2013
Служител, извършил регистрацията/редакцията Ивелин_Иванов
944 ## - СЪЗДАВАНЕ И РЕДАКЦИЯ на ЗАПИСА
Създаване/Редакция Редакция
Дата на регистрацията/редакция 24.10.2017
Статус, дата на статуса 26.10.2013 - от С1,Р / 26.10.2013
Служител, извършил регистрацията/редакцията Виолета_Тройчева
999 ## - СИСТЕМНИ КОНТРОЛНИ НОМЕРА
Koha biblionumber 146393
Koha biblioitemnumber 146393
Наличности
Код за отписване Код за изгубен артикул Източник на класификационната схема Код за повреда Коз за рестрикции Код за отдаване Артикулен № Име на библиотеката - собственик Име на библиотеката, в която се намира в момента Статус (Текущо местоположение) Дата на вписване в системата Местоположение - отдел Цена в лева Инвентарен номер Систематично азбучна сигнатура Баркод Номер на екземпляра Цена в евро Служебна бележка Служебен тип на артикула Бележка за публиката
  Не е изгубен Universal Decimal Classification Не е повреден само за читалня ползва се в читалня 243542 Регионална библиотека "Любен Каравелов" Русе Регионална библиотека "Любен Каравелов" Русе Хранилище 1980-01-01 Хранилище 2.20 301907 Цб ІІ 19064 120000301907 1 1.12 Дост: Dp Вид: Д N: стар фонд Дата: 01.01.1980 Книги  
Изтеглен Не е изгубен   Не е повреден без рестрикции заемане за дома 243543 Регионална библиотека "Любен Каравелов" Русе Регионална библиотека "Любен Каравелов" Русе   1980-01-01 Детски отдел 2.20 302426 ДХ 820/899/М 23 302426 2 1.12 Дост: Pk Вид: Ф N: стар фонд Дата: 01.01.1980 Дата инв: 12.09.2015 Бележки инв: Д2015 Книги Отч.N: 37/17 , Дата: 06.09.2017
Изтеглен Не е изгубен   Не е повреден без рестрикции заемане за дома 243544 Регионална библиотека "Любен Каравелов" Русе Регионална библиотека "Любен Каравелов" Русе   1980-01-01 Детски отдел 2.20 302430 ДХ 820/899/М 23 302430 3 1.12 Дост: Pk Вид: Ф N: стар фонд Дата: 01.01.1980 Дата инв: 12.09.2015 Бележки инв: Д2015 Книги Отч.N: 37/17 , Дата: 06.09.2017
Изтеглен Не е изгубен   Не е повреден без рестрикции заемане за дома 243545 Регионална библиотека "Любен Каравелов" Русе Регионална библиотека "Любен Каравелов" Русе   1980-01-01 Детски отдел 2.20 520619 ДХ 820/899/М 23 520619 4 1.12 Дост: Pk Вид: Ф N: стар фонд Дата: 01.01.1980 Дата инв: 12.09.2015 Бележки инв: Д2015 Книги Отч.N: 46/17 , Дата: 04.10.2017
Vip Innovations Ltd, Rousse, Bulgaria 2025